Matemática 3 /

Guardado en:
Autor Principal: Carione, Noemí H.
Otros Autores: Carranza, Susana G.
Formato: Libro
Publicado: Buenos Aires : Santillana, 1995
Series:Secundaria
Materias:
Etiquetas: Agregar Etiqueta
Sin Etiquetas, Sea el primero en etiquetar este registro!
LEADER 00915nam a22002175a 4500
001 CEM.cems017752
005 20120314130403.0
008 130507s1995##################000#0#####d
003 CEMS
020 |a 9504602347 
082 0 4 |a 510 
100 1 |a Carione, Noemí H. 
245 1 0 |a Matemática 3 /  |c Noemí H. Carione 
260 |a Buenos Aires :  |b Santillana,  |c 1995 
300 |a 256 p. 
490 0 |a Secundaria 
505 0 |a Números reales -- Funciones -- Proporcionalidad de segmentos -- Semejanza -- Funciones polin 
600 1 4 |a ómicas -- Divisibilidad de polinomios -- Expresiones algebraicas racionales -- Trigonometría -- Vectores -- Ecuaciones e inecuaciones de primer grado -- Sistemas de ecuaciones lineales -- Sistemas de inecuaciones -- Polígonos regulares -- Figuras circulares 
653 |a Matemática 
700 1 |a Carranza, Susana G. 
859 |a CEMS  |b BIB. CEMS - Agricultura  |h 510  |i C191  |p A1503.12  |t Ej.1  |v 3  |3 3